000 00493nam a2200145Ia 4500
008 180921t1892 xxu||||| ||||o00| 0 eng d
041 _aeng
245 _aPapers Laid Before The Legislative Council of Ceylon During The Session of 1891 : Bill Relating To The Customs Duties Leviable on Firearms And Certain Hides And Horns.
260 _c1892
300 _ap.124-125, 33 cm
500 _aSessional Paper xxvi-1891
942 _cBK
999 _c51542
_d51542
003 LK-CoDNM
040 _aLK-CoDNM
_dLK-CoDNM
_eLK-CoDNM